<?xml version="1.0" encoding="UTF-8"?>
<record
    xmlns:xsi="http://www.w3.org/2001/XMLSchema-instance"
    xsi:schemaLocation="http://www.loc.gov/MARC21/slim http://www.loc.gov/standards/marcxml/schema/MARC21slim.xsd"
    xmlns="http://www.loc.gov/MARC21/slim">

  <leader>00549nam a2200169 i 4500</leader>
  <controlfield tag="001">36599</controlfield>
  <controlfield tag="003">ES-MaACL</controlfield>
  <controlfield tag="007">t|</controlfield>
  <controlfield tag="008">030218s1985    sp           ||||1| spa d</controlfield>
  <datafield tag="020" ind1=" " ind2=" ">
    <subfield code="a">84-01-38045-6</subfield>
  </datafield>
  <datafield tag="100" ind1="1" ind2=" ">
    <subfield code="a">Bryce Echenique, Alfredo.</subfield>
    <subfield code="9">32256</subfield>
  </datafield>
  <datafield tag="245" ind1="1" ind2="3">
    <subfield code="a">El hombre que hablaba de Octavia de C&#xE1;diz </subfield>
    <subfield code="b">: cuaderno de navegaci&#xF3;n en un sill&#xF3;n Voltaire / </subfield>
    <subfield code="c">Alfredo Bryce Echenique.</subfield>
  </datafield>
  <datafield tag="250" ind1=" " ind2=" ">
    <subfield code="a">1&#xAA; ed.</subfield>
  </datafield>
  <datafield tag="260" ind1=" " ind2=" ">
    <subfield code="a">Esplugues de Llobregat : </subfield>
    <subfield code="b">Plaza &amp; Jan&#xE9;s, </subfield>
    <subfield code="c">1985.</subfield>
  </datafield>
  <datafield tag="300" ind1=" " ind2=" ">
    <subfield code="a">314 p. ; </subfield>
    <subfield code="c">22 cm.</subfield>
  </datafield>
  <datafield tag="852" ind1=" " ind2=" ">
    <subfield code="a">ES-MaACL</subfield>
    <subfield code="j">L-8837 </subfield>
    <subfield code="b">R.108903</subfield>
  </datafield>
  <datafield tag="999" ind1=" " ind2=" ">
    <subfield code="c">36599</subfield>
    <subfield code="d">36599</subfield>
  </datafield>
  <datafield tag="952" ind1=" " ind2=" ">
    <subfield code="0">0</subfield>
    <subfield code="1">0</subfield>
    <subfield code="4">0</subfield>
    <subfield code="7">0</subfield>
    <subfield code="a">ATENEOM</subfield>
    <subfield code="b">ATENEOM</subfield>
    <subfield code="c">DEPO2</subfield>
    <subfield code="d">2008-01-17</subfield>
    <subfield code="e">SC</subfield>
    <subfield code="l">0</subfield>
    <subfield code="o">L-8837</subfield>
    <subfield code="p">1038465</subfield>
    <subfield code="r">2023-02-23 00:00:00</subfield>
    <subfield code="w">2023-02-23</subfield>
    <subfield code="y">MONOGRAFIA</subfield>
  </datafield>
</record>
